Flags by Letter - L - Statistics

General Stats
  • This quiz has been taken 283 times
  • The average score is 8 of 9
Answer Stats
Picture Answer % Correct
Lebanon
99%
Luxembourg
96%
Laos
95%
Latvia
94%
Liberia
93%
Libya
93%
Liechtenstein
93%
Lithuania
93%
Lesotho
88%
No matching quizzes found
Score Distribution
Percent of People with Each Score
Percentile by Number Answered
Your Score History
You have not taken this quiz